header

Biology : (Record no. 255783)

MARC details
000 -LEADER
fixed length control field 03334cam a22003737a 4500
001 - CONTROL NUMBER
control field 14902101
003 - CONTROL NUMBER IDENTIFIER
control field OSt
005 - DATE AND TIME OF LATEST TRANSACTION
control field 20170227114833.0
008 - FIXED-LENGTH DATA ELEMENTS--GENERAL INFORMATION
fixed length control field 070625s2008 at ab 001 0 eng d
010 ## - LIBRARY OF CONGRESS CONTROL NUMBER
LC control number 2007931665
020 ## - INTERNATIONAL STANDARD BOOK NUMBER
International Standard Book Number 0534249663
International Standard Book Number 9780534249663
035 ## - SYSTEM CONTROL NUMBER
System control number (OCoLC)ocn191214893
040 ## - CATALOGING SOURCE
Original cataloging agency SZR
Transcribing agency SZR
Modifying agency SZR
-- BAKER
-- YDXCP
-- DLC
042 ## - AUTHENTICATION CODE
Authentication code lccopycat
050 00 - LIBRARY OF CONGRESS CALL NUMBER
Classification number QH308.2
Item number .B56449 2008
082 00 - DEWEY DECIMAL CLASSIFICATION NUMBER
Classification number 570
Edition number 22
245 00 - TITLE STATEMENT
Title Biology :
Remainder of title the dynamic science /
Statement of responsibility, etc Peter J. Russell ... [et al.].
250 ## - EDITION STATEMENT
Edition statement 1st ed.
260 ## - PUBLICATION, DISTRIBUTION, ETC. (IMPRINT)
Place of publication, distribution, etc Australia ;
-- Belmont, CA :
Name of publisher, distributor, etc Thomson Brooks/Cole,
Date of publication, distribution, etc 2008.
300 ## - PHYSICAL DESCRIPTION
Extent xxxiii, 1289, [128] p. :
Other physical details col. ill., col. maps ;
Dimensions 28 cm.
500 ## - GENERAL NOTE
General note Includes index.
505 0# - FORMATTED CONTENTS NOTE
Formatted contents note Introduction to biological concepts and research -- Life, chemistry, and water -- Biological molecules: the carbon compounds of life -- Energy, enzymes, and biological reactions -- The cell: an overview -- Membranes and transport -- Cell communication -- Harvesting chemical energy: cellular respiration -- Photosynthesis -- Cell division and mitosis -- Meiosis: the cellular basis of sexual reproduction -- Mendel, genes and inheritance -- Genes chromosomes and human genetics -- DNA structure, replication and organization -- From DNA to protein -- Control of gene expression -- Bacterial and viral genetics -- DNA technologies and genomics -- The development of evolutionary thought -- Microevolution: genetic changes within populations -- Speciation -- Paleobiology and macroevolution -- Systematic biology: phylogeny and classification -- The origin of life -- Prokaryotes and viruses -- Protists -- Plants -- Fungi -- Animal phylogeny, acoelomates and protostomes -- Deuterostomes: vertebratesand their closest relatives -- The plant body -- Transport in plants -- Plant nutrition -- Reproduction and development in flowering plants -- Control of plant growth and development --
Formatted contents note Introduction to animal organization and physiology -- Information flow and the neuron -- Nervous systems -- Sensory systems -- The endocrine system -- Muscles, bones, and body movement -- The circulatory system -- Defenses against disease -- Gas exchange: the respiratory system -- Animal nutrition -- Regulating the internal environment -- Animal reproduction -- Animal development -- Population ecology -- Population interactions and community ecology -- Ecosystems -- The biosphere -- Biodiversity and conservation biology -- The physiology and genetics of animal behavior -- The ecology and evolution of animal behavior.
650 #0 - SUBJECT ADDED ENTRY--TOPICAL TERM
Topical term or geographic name as entry element Biology
Form subdivision Textbooks.
700 1# - ADDED ENTRY--PERSONAL NAME
Personal name Russell, Peter J.
856 42 - ELECTRONIC LOCATION AND ACCESS
Materials specified Contributor biographical information
Uniform Resource Identifier <a href="http://www.loc.gov/catdir/enhancements/fy1302/2007931665-b.html">http://www.loc.gov/catdir/enhancements/fy1302/2007931665-b.html</a>
Materials specified Publisher description
Uniform Resource Identifier <a href="http://www.loc.gov/catdir/enhancements/fy1302/2007931665-d.html">http://www.loc.gov/catdir/enhancements/fy1302/2007931665-d.html</a>
Materials specified Table of contents only
Uniform Resource Identifier <a href="http://www.loc.gov/catdir/enhancements/fy1302/2007931665-t.html">http://www.loc.gov/catdir/enhancements/fy1302/2007931665-t.html</a>
906 ## - LOCAL DATA ELEMENT F, LDF (RLIN)
a 7
b cbc
c copycat
d 2
e ncip
f 20
g y-gencatlg
942 ## - ADDED ENTRY ELEMENTS (KOHA)
Source of classification or shelving scheme Library of Congress Classification
Koha item type Long Loan Books
Holdings
Withdrawn status Lost status Source of classification or shelving scheme Damaged status Not for loan Collection code Home library Current library Shelving location Date acquired Total Checkouts Full call number Barcode Date last seen Price effective from Koha item type Date checked out
    Library of Congress Classification     Non-fiction Rongo University Library Rongo University Library General Stacks 27/02/2017   QH308.2 .B56449 2008 ;201616034 27/02/2017 27/02/2017 Long Loan Books  
    Library of Congress Classification     Non-fiction Rongo University Library Rongo University Library General Stacks 13/07/2018 4 QH308.2 .B56449 2008 201801148 31/01/2020 13/07/2018 Long Loan Books 20/01/2020

© 2026 Rongo University
Contact us: librarian | system librarian | Rongo university